| 000 | 00347 a2200109 4500 | ||
|---|---|---|---|
| 001 | ART_11827 | ||
| 005 | 20260410161900.0 | ||
| 008 | 260409a | ||
| 245 | 1 | 0 | _aInflation, tax rules, and the prices of land and gold |
| 100 | 1 | _aFeldstein, Martin | |
| 773 | 0 |
_tJournal of public economics _g- Vol. 14, NÂș 3 (dic. 1980) _wREV11485 |
|
| 999 |
_c25873 _d25873 |
||